La sociologie industrielle

Saved in:
Bibliographic Details
Main Author: Mottez, Bernard
Format: Book
Language:Undetermined
Published: Paris Presses Universitaire De France 1971
Subjects:
Tags: Add Tag
No Tags, Be the first to tag this record!
Institutions: Trung tâm Học liệu Trường Đại học Cần Thơ
LEADER 00490nam a2200181Ia 4500
001 CTU_90032
008 210402s9999 xx 000 0 und d
082 |a 300 
082 |b M922 
100 |a Mottez, Bernard 
245 0 |a La sociologie industrielle 
245 0 |c Bernard Mottez 
260 |a Paris 
260 |b Presses Universitaire De France 
260 |c 1971 
650 |a Industrial sociology 
904 |i Mai Loan,Hải 
980 |a Trung tâm Học liệu Trường Đại học Cần Thơ